000 00414nam a2200169Ia 4500
005 20250508150723.0
008 008 250505s9999 xx 000 0 eng d
037 _aBooks to be hide in OPAC
040 _aFEDL
_beng
_cFEDL
041 _aeng
_2eng
084 _qFEDL
100 _aKokomoor
_9757458
245 0 _aMathematics in human affairs
300 _a754p.
942 _cHB
999 _c1325257
_d1325257